National Conference on Street and Highway Safety : act ... act ...
Descripción Física:
4 volums ; 23 cm
Materias:
Carreteres -- Congressos
; Seguretat viària -- Congressos
; Estats Units d'Amèrica -- Revistes
Idioma:
Español
MARC
| LEADER | 00000nas a2200000 a 4500 | ||
|---|---|---|---|
| 001 | 29058 | ||
| 003 | AGDB | ||
| 005 | 20260324181511.0 | ||
| 008 | 160829s1930 xx 000 0 cat d | ||
| 041 | |a spa | ||
| 080 | |a Revistes | ||
| 245 | |a National Conference on Street and Highway Safety : |b act ... | ||
| 260 | |a Washington : |b [s.n.], |c 1930 | ||
| 300 | |a 4 volums ; |c 23 cm | ||
| 590 | |a Conté: Act 1: Uniform motor vehicle registration act ; Act 2: Uniform motor vehicle anti-theft act ; Act 3: Uniform motor vehicle operators' and chauffeurs' license act; Act 4: Uniform act regulating traffic on highways. | ||
| 590 | |a Prové del fons d'Obres Públiques | ||
| 650 | |a Carreteres |x Congressos |9 48828 | ||
| 650 | |a Seguretat viària |x Congressos |9 48829 | ||
| 651 | 0 | |a Estats Units d'Amèrica |9 56911 |v Revistes | |
| 866 | |a Vol. 1-4 (24 oct.1930) | ||
| 901 | |a Arxiu | ||
| 942 | |n 1 |2 udc |c ARXIU | ||
| 952 | |0 0 |1 0 |2 udc |4 0 |6 REV2415 |7 1 |9 98662 |a Arxiu |b Arxiu |d 2012-04-05 |h Vol. 1-4 (24 oct.1930) |l 0 |o Rev-2415 |p 29058 |r 2016-12-01 00:00:00 |w 2016-12-01 |y ARXIU | ||
| 999 | |c 58761 |d 58761 | ||